Nete Aani Netritv Vichar : Bhartiya Udyojkancha Drishtikon.

Bibliographic Details
Main Author: Association, All India Management.
Format: eBook
Language:Marathi
Published: New Delhi : SAGE Publications India Pvt, Ltd., 2016.
Edition:1st ed.
Subjects:
Online Access:Click to View
LEADER 01671nam a22003613i 4500
001 EBC5770012
003 MiAaPQ
005 20231204023214.0
006 m o d |
007 cr cnu||||||||
008 231204s2016 xx o ||||0 mar d
020 |a 9789351507000  |q (electronic bk.) 
020 |z 9789351507017 
035 |a (MiAaPQ)EBC5770012 
035 |a (Au-PeEL)EBL5770012 
035 |a (OCoLC)1101034989 
040 |a MiAaPQ  |b eng  |e rda  |e pn  |c MiAaPQ  |d MiAaPQ 
100 1 |a Association, All India Management. 
245 1 0 |a Nete Aani Netritv Vichar :  |b Bhartiya Udyojkancha Drishtikon. 
250 |a 1st ed. 
264 1 |a New Delhi :  |b SAGE Publications India Pvt, Ltd.,  |c 2016. 
264 4 |c Ã2016. 
300 |a 1 online resource (183 pages) 
336 |a text  |b txt  |2 rdacontent 
337 |a computer  |b c  |2 rdamedia 
338 |a online resource  |b cr  |2 rdacarrier 
505 0 |a Cover -- Contents -- Preface -- Chapter 1 -- Chapter 2 -- Chapter 3 -- Chapter 4 -- Chapter 5 -- Chapter 6 -- Chapter 7 -- Chapter 8 -- Chapter 9 -- About the Author and Contributer. 
588 |a Description based on publisher supplied metadata and other sources. 
590 |a Electronic reproduction. Ann Arbor, Michigan : ProQuest Ebook Central, 2023. Available via World Wide Web. Access may be limited to ProQuest Ebook Central affiliated libraries.  
655 4 |a Electronic books. 
776 0 8 |i Print version:  |a Association, All India Management  |t Nete Aani Netritv Vichar  |d New Delhi : SAGE Publications India Pvt, Ltd.,c2016  |z 9789351507017 
797 2 |a ProQuest (Firm) 
856 4 0 |u https://ebookcentral.proquest.com/lib/matrademy/detail.action?docID=5770012  |z Click to View